Statistics for Things that are certain colours 2

Click here to take the quiz!

General Stats

  • This quiz has been taken 37 times
  • The average score is 5 of 10

Answer Stats

QuestionAnswer% Correct
Which of these things is navy?dark blue
100%
Which of these things is lime green?a lime
86%
Which of these things is brown?hedgehog
72%
Which of these things is amber?a middle traffic light
45%
Which of these things is bronze?bronze
45%
Which of these things is fuchsia?fuchsia
45%
Which of these things is black?house fly
45%
Which of these things is white?cirrus cloud
34%
Which of these things is transparent?neon gas
31%
Which of these things is yellow?light from the star Castor
24%

Score Distribution

Percentile by Number Answered

Percent of People with Each Score

Your Score History

You have not taken this quiz